Clinical Trials. (Record no. 4559)

MARC details
000 -LEADER
fixed length control field 00512nam a22001937a 4500
003 - CONTROL NUMBER IDENTIFIER
control field OSt
005 - DATE AND TIME OF LATEST TRANSACTION
control field 20160630134326.0
008 - FIXED-LENGTH DATA ELEMENTS--GENERAL INFORMATION
fixed length control field 160630b xxu||||| |||| 00| 0 eng d
020 ## - INTERNATIONAL STANDARD BOOK NUMBER
International Standard Book Number 0727915991
040 ## - CATALOGING SOURCE
Transcribing agency DNLM.
082 ## - DEWEY DECIMAL CLASSIFICATION NUMBER
Classification number QV771C611l 2002.
100 ## - MAIN ENTRY--PERSONAL NAME
Personal name Edited by Duley,Lelia;Farrell,Barbara;
9 (RLIN) 9771
245 ## - TITLE STATEMENT
Title Clinical Trials.
260 ## - PUBLICATION, DISTRIBUTION, ETC. (IMPRINT)
Place of publication, distribution, etc. London;
Name of publisher, distributor, etc. BMJ Publishing Group.
Date of publication, distribution, etc. 2002.
300 ## - PHYSICAL DESCRIPTION
Extent x,133p;
Other physical details ill:
Dimensions 22cm.
504 ## - BIBLIOGRAPHY, ETC. NOTE
Bibliography, etc includes index.
650 ## - SUBJECT ADDED ENTRY--TOPICAL TERM
Topical term or geographic name as entry element Pharmacology.
9 (RLIN) 357
942 ## - ADDED ENTRY ELEMENTS (KOHA)
Source of classification or shelving scheme Other/Generic Classification Scheme
Koha item type Open Shelf
Holdings
Withdrawn status Lost status Source of classification or shelving scheme Damaged status Not for loan Home library Current library Date acquired Source of acquisition Inventory number Total Checkouts Full call number Barcode Date last seen Koha item type Price effective from
    Other/Generic Classification Scheme     MUST Main Library MUST Main Library 30/06/2016 Donation. 05/23147   QV771C611l 2002. 2016-2870 30/06/2016 Open Shelf  
    Other/Generic Classification Scheme     MUST Main Library MUST Main Library 30/06/2016 Donation. 05/23149   QV771C611l 2002. 2016-2872 30/06/2016 Open Shelf  
    Dewey Decimal Classification     MUST Main Library MUST Main Library 05/02/2020 Donation 2005/23148   QV771C611l 2002. 2020-0347 05/02/2020 Open Shelf 05/02/2020